[Event "Offene Hessische Senioren Einzelmeisters"]
[Site "Bad Sooden- Allendorf"]
[Date "2011.05.01"]
[Round "2.1"]
[White "Kotlar, Alfred"]
[Black "van den Berg, Ad"]
[Result "0-1"]
[WhiteElo "2068"]
[BlackElo "2220"]
[PlyCount "60"]
[EventDate "2011.??.??"]

1. d4 c5 2. Nf3 cxd4 3. Qxd4 e6 4. c3 Nc6 5. Qa4 Nf6 6. Bg5 b5 7. Qc2 h6 8. Bh4
b4 9. e4 g5 10. Bg3 Bb7 11. Nbd2 Nh5 12. Rd1 Rc8 13. c4 Nxg3 14. hxg3 g4 15.
Nh2 Rg8 16. Nb3 Ne5 17. Be2 Qc7 18. Nd2 Bc5 19. Rc1 Qb6 20. Rf1 Bc6 21. Qb1 a5
22. Nb3 a4 23. Nxc5 Qxc5 24. f4 gxf3 25. Nxf3 Rxg3 26. Nxe5 Qxe5 27. Bf3 f5 28.
Kf2 Bxe4 29. Bxe4 fxe4 30. Qc2 b3 0-1

[Event "Offene Hessische Senioren Einzelmeisters"]
[Site "Bad Sooden- Allendorf"]
[Date "2011.05.01"]
[Round "2.2"]
[White "Duijker, Bert"]
[Black "Vogel, Jaap"]
[Result "0-1"]
[WhiteElo "1867"]
[BlackElo "2216"]
[PlyCount "74"]
[EventDate "2011.??.??"]

1. Nf3 f5 2. c4 Nf6 3. d4 e6 4. Nc3 b6 5. g3 Bb7 6. Bg2 Bb4 7. O-O O-O 8. Qb3
a5 9. a3 Bxc3 10. Qxc3 Qe7 11. Bg5 a4 12. Rad1 h6 13. Bxf6 Qxf6 14. e3 d6 15.
Nh4 Bxg2 16. Nxg2 Nd7 17. f4 Qe7 18. Nh4 Qf6 19. Nf3 g5 20. Rf2 g4 21. Nd2 h5
22. e4 h4 23. e5 dxe5 24. fxe5 Qg5 25. gxh4 Qxh4 26. Qg3 Qxg3+ 27. hxg3 c5 28.
d5 Rae8 29. dxe6 Nxe5 30. Rdf1 Rxe6 31. Rxf5 Nf3+ 32. R5xf3 gxf3 33. Nxf3 Re3
34. Kg2 Re4 35. Re1 Rxe1 36. Nxe1 Rd8 37. Kf3 Rd2 0-1

[Event "Offene Hessische Senioren Einzelmeisters"]
[Site "Bad Sooden- Allendorf"]
[Date "2011.05.01"]
[Round "2.3"]
[White "Schmidt, Gerhard"]
[Black "Lewald, Stephan"]
[Result "1-0"]
[WhiteElo "2233"]
[BlackElo "2046"]
[PlyCount "81"]
[EventDate "2011.??.??"]

1. d4 g6 2. Nf3 Bg7 3. c4 d6 4. Nc3 Nf6 5. Bg5 h6 6. Bh4 Nbd7 7. h3 c6 8. e3
Qc7 9. Be2 a6 10. Rc1 O-O 11. O-O Re8 12. Bg3 b6 13. b4 c5 14. Qb3 Bb7 15. bxc5
bxc5 16. d5 Reb8 17. Qa4 Bc8 $11 18. Qc2 Rb7 19. Nd2 Rab8 20. Nb3 Rb4 21. e4
Ne5 22. Nd1 a5 23. f4 Ned7 24. Be1 a4 25. Nd2 Qa7 26. Nb1 Nh7 27. Bc3 Ndf6 28.
Bd3 h5 29. e5 Ne8 30. f5 g5 31. f6 Nhxf6 32. exf6 Nxf6 33. Ne3 Ne8 34. Qf2 f6
35. Na3 R4b6 36. Bg6 Qd7 37. Bxh5 Bh8 38. Bg4 Qd8 39. Bxc8 Qxc8 40. Nf5 Qd8 41.
Ba5 1-0

[Event "Offene Hessische Senioren Einzelmeisters"]
[Site "Bad Sooden- Allendorf"]
[Date "2011.05.01"]
[Round "2.4"]
[White "Nagorni, Walter"]
[Black "Ljubarskij, Juri"]
[Result "1/2-1/2"]
[WhiteElo "2108"]
[BlackElo "2253"]
[PlyCount "54"]
[EventDate "2011.??.??"]

1. Nf3 Nf6 2. c4 g6 3. g3 Bg7 4. Bg2 O-O 5. O-O d6 6. d4 Nc6 7. Nc3 e5 8. d5
Ne7 9. e4 Nh5 10. b4 a6 11. c5 Qe8 12. Bd2 f5 13. Ng5 h6 14. Ne6 Bxe6 15. dxe6
dxc5 16. bxc5 f4 17. Nd5 Rc8 18. Rb1 Nxd5 19. exd5 Rb8 20. Ba5 c6 21. Bc7 fxg3
22. hxg3 Rc8 23. Bd6 cxd5 24. Bxd5 Rf5 25. Rxb7 Nf6 26. Re7 Qb5 27. Rb7 Qe8
1/2-1/2

[Event "Offene Hessische Senioren Einzelmeisters"]
[Site "Bad Sooden- Allendorf"]
[Date "2011.05.01"]
[Round "2.5"]
[White "Haubt, Georg"]
[Black "Oldach, Ehrenfried"]
[Result "1-0"]
[WhiteElo "2207"]
[BlackElo "2033"]
[PlyCount "37"]
[EventDate "2011.??.??"]

1. e4 e5 2. Nf3 Nc6 3. d4 exd4 4. Nxd4 Bc5 5. Nb3 Bb6 6. a4 Qf6 7. Qe2 a6 8.
Nc3 Nge7 9. Nd5 Nxd5 10. exd5+ Ne7 11. a5 Ba7 12. h4 h6 13. Ra4 O-O 14. g4 Nxd5
15. g5 Qc6 16. Rc4 Nf4 17. Rxf4 Qxh1 18. gxh6 g6 19. Qe5 1-0

[Event "Offene Hessische Senioren Einzelmeisters"]
[Site "Bad Sooden- Allendorf"]
[Date "2011.05.01"]
[Round "2.6"]
[White "Kleist, Werner"]
[Black "Jongsma, Lex"]
[Result "0-1"]
[WhiteElo "1900"]
[BlackElo "2196"]
[PlyCount "32"]
[EventDate "2011.??.??"]

1. b4 e5 2. b5 f5 3. Bb2 d6 4. e3 Nd7 5. c4 g6 6. g3 Bg7 7. Bg2 Nh6 8. d3 O-O
9. Nd2 Nc5 10. Nb3 e4 11. Bxg7 Nxd3+ 12. Kf1 Kxg7 13. Nc1 Ne5 14. Qc2 Be6 15.
c5 dxc5 16. Qxc5 Qd1# 0-1

[Event "Offene Hessische Senioren Einzelmeisters"]
[Site "Bad Sooden- Allendorf"]
[Date "2011.05.01"]
[Round "2.7"]
[White "Ghijsen, Pim"]
[Black "Rychlik, Kurt"]
[Result "1-0"]
[WhiteElo "2194"]
[BlackElo "2106"]
[PlyCount "113"]
[EventDate "2011.??.??"]

1. d4 Nf6 2. Nf3 d5 3. c4 c6 4. Nc3 e6 5. e3 Nbd7 6. Qc2 a6 7. b3 Bd6 8. Be2
O-O 9. O-O Re8 10. Bb2 b6 11. e4 dxe4 12. Nxe4 Be7 13. Bd3 Bb7 14. Rad1 Qc7 15.
Rfe1 h6 16. Qe2 Nxe4 17. Qxe4 Nf6 18. Qe2 Bb4 19. Rf1 Rad8 20. Bb1 Be7 21. Qc2
Qf4 22. c5 Rd5 23. b4 g6 24. Bc1 Qg4 25. Bxh6 Rh5 26. Qd2 Kh7 27. h3 Rxh3 28.
Ng5+ Kxh6 29. Nxh3+ Kg7 30. Rfe1 Rh8 31. Qg5 Qxg5 32. Nxg5 Nd5 33. Ne4 Nxb4 34.
cxb6 Nd5 35. Nc5 Rb8 36. Be4 Nc3 37. Rd3 Nxa2 38. Ra1 Nb4 39. Rb3 Nd5 40. Bxd5
cxd5 41. Rc1 Bd6 42. Nd7 Rd8 43. Ne5 f6 44. Nd3 Rd7 45. Nc5 Re7 46. Nxb7 Rxb7
47. Rc6 Bb8 48. Rxe6 Kf7 49. Rc6 Re7 50. g3 Re4 51. b7 Rxd4 52. Rc8 Bd6 53.
b8=Q Bxb8 54. Rbxb8 a5 55. Rb6 g5 56. Rcc6 Rd1+ 57. Kg2 1-0

[Event "Offene Hessische Senioren Einzelmeisters"]
[Site "Bad Sooden- Allendorf"]
[Date "2011.05.01"]
[Round "2.9"]
[White "Reinhold, Dr. Klaus"]
[Black "Schumacher, Gottfried"]
[Result "0-1"]
[WhiteElo "2114"]
[BlackElo "2291"]
[PlyCount "124"]
[EventDate "2011.??.??"]

1. d4 Nf6 2. c4 e6 3. Nf3 d5 4. g3 c5 5. cxd5 Nxd5 6. Bg2 Nc6 7. O-O Be7 8. Nc3
O-O 9. e4 Nxc3 10. bxc3 cxd4 11. cxd4 Bf6 12. Be3 Qa5 13. Qb3 b6 14. Rac1 Bb7
15. Rfd1 Qh5 16. Qa4 Na5 17. Nd2 Rac8 18. Bf3 Qg6 19. Qb5 h6 20. d5 Bg5 21. Nf1
f5 22. exf5 Qxf5 23. Rxc8 Bxc8 24. Bg2 Bxe3 25. fxe3 Qf2+ 26. Kh1 exd5 27. Rd2
Qe1 28. Qxd5+ Kh8 29. Rd1 Qb4 30. Qd6 Qxd6 31. Rxd6 Nc4 32. Rd4 Be6 33. Kg1 b5
34. Bc6 Ne5 35. Be4 Bxa2 36. Kg2 a5 37. Bd5 Bc4 38. Nd2 Bxd5+ 39. Rxd5 Ng4 40.
Rxb5 Nxe3+ 41. Kg1 Ra8 42. Rb3 Nc2 43. Rb2 Nd4 44. Nc4 Ra6 45. Kf2 Kh7 46. Ke3
Nc6 47. Kd2 Kg6 48. Kc3 Kf5 49. h3 Ke4 50. Rf2 g5 51. h4 Nd4 52. hxg5 hxg5 53.
Rf8 Ne2+ 54. Kb3 a4+ 55. Kb4 Nxg3 56. Rf2 g4 57. Kb5 Ra8 58. Nb6 Rb8 59. Ra2
Nf5 60. Rxa4+ Kf3 61. Ra3+ Ne3 62. Kc5 g3 0-1

[Event "Offene Hessische Senioren Einzelmeisters"]
[Site "Bad Sooden- Allendorf"]
[Date "2011.05.01"]
[Round "2.10"]
[White "van Geffen, Ben"]
[Black "Krotofil, Kurt"]
[Result "1/2-1/2"]
[WhiteElo "2135"]
[BlackElo "2039"]
[PlyCount "57"]
[EventDate "2011.??.??"]

1. e4 c5 2. Nf3 Nc6 3. d4 cxd4 4. Nxd4 Nf6 5. Nc3 e5 6. Ndb5 d6 7. Bg5 a6 8.
Na3 b5 9. Bxf6 gxf6 10. Nd5 f5 11. c3 Bg7 12. exf5 Bxf5 13. Nc2 O-O 14. Nce3
Be6 15. Bd3 Ne7 16. Nxe7+ Qxe7 17. Qh5 h6 18. Be4 Rad8 19. Bd5 f5 20. Rd1 f4
21. Bxe6+ Qxe6 22. Nd5 Rc8 23. O-O Rc5 24. Qh3 Qxh3 25. gxh3 Kf7 26. Rd2 Ke6
27. Rfd1 Rd8 28. f3 Bf8 29. Kf2 1/2-1/2

[Event "Offene Hessische Senioren Einzelmeisters"]
[Site "Bad Sooden- Allendorf"]
[Date "2011.05.01"]
[Round "2.11"]
[White "Schlag, Franz"]
[Black "Lindner, Jan-Joost"]
[Result "1/2-1/2"]
[WhiteElo "2110"]
[BlackElo "2155"]
[PlyCount "38"]
[EventDate "2011.??.??"]

1. e4 e6 2. d4 d5 3. e5 b6 4. c3 Qd7 5. Bd3 Ba6 6. f4 Ne7 7. Nf3 Bxd3 8. Qxd3
c5 9. O-O Nbc6 10. a3 c4 11. Qe2 h5 12. Nh4 g6 13. Be3 b5 14. Nd2 a5 15. Ndf3
Nf5 16. Bf2 Be7 17. Nxf5 exf5 18. Bh4 Bxh4 19. Nxh4 Nd8 1/2-1/2

[Event "Offene Hessische Senioren Einzelmeisters"]
[Site "Bad Sooden- Allendorf"]
[Date "2011.05.01"]
[Round "2.12"]
[White "Knaak, Joachim"]
[Black "Mann, Klaus-Dieter"]
[Result "1-0"]
[WhiteElo "2190"]
[BlackElo "2116"]
[PlyCount "123"]
[EventDate "2011.??.??"]

1. d4 Nf6 2. c4 e6 3. Nf3 b6 4. g3 Bb7 5. Bg2 Be7 6. Nc3 O-O 7. O-O d6 8. Qc2
Nbd7 9. Rd1 Qc8 10. Bf4 Nh5 11. Be3 f5 12. Qd2 Ndf6 13. d5 e5 14. Ng5 Ng4 15.
Ne6 Nxe3 16. fxe3 Rf7 17. Rf1 g6 18. e4 Ng7 19. exf5 gxf5 20. Nxg7 Kxg7 21. e4
Qf8 22. exf5 Rxf5 23. Bh3 Bg5 24. Qe2 Rxf1+ 25. Rxf1 Qe7 26. Be6 Rf8 27. Rxf8
Kxf8 28. Qf3+ Qf6 29. Qxf6+ Bxf6 30. Bf5 Kg7 31. Nb5 Ba6 32. Nxc7 Bxc4 33. b3
Be2 34. Ne8+ Kf7 35. Nxd6+ Ke7 36. Nc8+ Kd8 37. Nxa7 Bf3 38. Nc6+ Kc7 39. Nb4
h6 40. Kf2 Bh1 41. Ke3 Bg2 42. h4 Kd6 43. Be4 Bh3 44. Nd3 Bd7 45. b4 Bd8 46.
Nb2 b5 47. Bf3 Bf5 48. Be4 Bb6+ 49. Kf3 Bd7 50. Nd3 Bd4 51. g4 Be8 52. g5 Bh5+
53. Kg3 hxg5 54. hxg5 Be3 55. g6 Bh6 56. Kh4 Be2 57. Nf2 Bc4 58. Ng4 Bg7 59.
Ne3 Bf6+ 60. Kh5 Bxa2 61. Nf5+ Kc7 62. g7 1-0

[Event "Offene Hessische Senioren Einzelmeisters"]
[Site "Bad Sooden- Allendorf"]
[Date "2011.05.01"]
[Round "2.13"]
[White "Gudat, Alfons"]
[Black "Lenk, Wolfgang"]
[Result "1/2-1/2"]
[WhiteElo "2051"]
[BlackElo "2238"]
[PlyCount "55"]
[EventDate "2011.??.??"]

1. e4 d6 2. d4 Nf6 3. Nc3 g6 4. Nf3 Bg7 5. Be2 O-O 6. O-O c6 7. h3 b5 8. a3 a6
9. Be3 Nbd7 10. Qd2 Nb6 11. b3 Qc7 12. Rad1 Nfd7 13. Bh6 c5 14. Bxg7 Kxg7 15.
d5 Nf6 16. Qe3 b4 17. Nb1 a5 18. a4 c4 19. Nbd2 c3 20. Nc4 Nxc4 21. Bxc4 Ba6
22. Bxa6 Rxa6 23. Nd4 Qc5 24. Rfe1 Re8 25. Nb5 Qxe3 26. Rxe3 Rc8 27. f3 Rc5 28.
g4 1/2-1/2

[Event "Offene Hessische Senioren Einzelmeisters"]
[Site "Bad Sooden- Allendorf"]
[Date "2011.05.01"]
[Round "2.14"]
[White "Villing, Dieter"]
[Black "Kneschke, Hansjürgen"]
[Result "1-0"]
[WhiteElo "2223"]
[BlackElo "1871"]
[PlyCount "55"]
[EventDate "2011.??.??"]

1. e4 e6 2. d4 d5 3. Nc3 Bb4 4. e5 c5 5. dxc5 Qc7 6. Nf3 Nc6 7. Bf4 Nge7 8. Bd3
d4 9. a3 Bxc3+ 10. bxc3 Nd5 11. Bg3 dxc3 12. Ng5 h6 13. Ne4 Nd8 14. Qg4 Kf8 15.
h4 b6 16. cxb6 axb6 17. O-O Ba6 18. Bxa6 Rxa6 19. Nf6 Qc6 20. Nxd5 exd5 21.
Qb4+ Kg8 22. f4 Ra4 23. Qb3 Ne6 24. Rad1 d4 25. f5 Nc5 26. Qa2 Ne4 27. Be1 Qc4
28. Qxc4 1-0

[Event "Offene Hessische Senioren Einzelmeisters"]
[Site "Bad Sooden- Allendorf"]
[Date "2011.05.01"]
[Round "2.15"]
[White "Höllger, Herbert"]
[Black "Holscher, Peter"]
[Result "1/2-1/2"]
[WhiteElo "2077"]
[BlackElo "2085"]
[PlyCount "108"]
[EventDate "2011.??.??"]

1. d4 Nf6 2. Nf3 e6 3. e3 b6 4. Bd3 Bb7 5. O-O Be7 6. Nbd2 d5 7. b3 Nbd7 8. Bb2
a6 9. Ne5 c5 10. Qf3 O-O 11. Qh3 h6 12. f4 Ne4 13. Bxe4 dxe4 14. Nxd7 Qxd7 15.
Nc4 Qc7 16. Ne5 Bd6 17. dxc5 Bxc5 18. Qg3 f6 19. Ng4 Kh7 20. Rfd1 Rad8 21. Qe1
Qxf4 22. h3 h5 23. b4 hxg4 24. bxc5 Qg5 25. hxg4 bxc5 26. Rd2 Rd5 27. c4 Rd3
28. Rxd3 exd3 29. Qg3 Be4 30. Qf4 Qxf4 31. exf4 f5 32. g5 Kg6 33. Kf2 Rd8 34.
Rd1 Rh8 35. Kg3 Rb8 36. Bc3 Rb7 37. Rd2 Rb1 38. Bb2 Re1 39. Kf2 Rh1 40. Kg3 Rf1
41. Ba3 e5 42. fxe5 Kxg5 43. Bxc5 f4+ 44. Kh2 Rc1 45. Ba3 Rxc4 46. e6 Kf6 47.
e7 Kf7 48. Kg1 g5 49. Kf2 Ra4 50. Bd6 Rd4 51. Ba3 Bc6 52. g3 Bb5 53. Kf3 Bc6+
54. Kf2 Bb5 1/2-1/2

[Event "Offene Hessische Senioren Einzelmeisters"]
[Site "Bad Sooden- Allendorf"]
[Date "2011.05.01"]
[Round "2.16"]
[White "Wünsch, Ulrich"]
[Black "Just, Joachim"]
[Result "1-0"]
[WhiteElo "2142"]
[BlackElo "2032"]
[PlyCount "81"]
[EventDate "2011.??.??"]

1. d4 d5 2. Nf3 Nf6 3. e3 c6 4. c4 g6 5. Nc3 Bg7 6. h3 O-O 7. Bd3 Bf5 8. Be2
Ne4 9. O-O Nd7 10. cxd5 Nxc3 11. bxc3 cxd5 12. c4 dxc4 13. Bxc4 Nb6 14. Bb3 Qd7
15. a4 Rac8 16. a5 Nc4 17. Re1 Qc7 $11 18. e4 Bd7 19. a6 bxa6 20. Rxa6 Bb5 21.
Ra2 Rfd8 22. Bg5 Qd7 23. Ba4 a6 24. Bxb5 axb5 25. Qb3 Ra8 26. Rxa8 Rxa8 27. Rb1
h6 28. Bf4 g5 29. Bg3 Ra5 30. Qb4 Qa7 31. d5 Na3 32. Re1 Nc4 33. e5 Ra1 34.
Rxa1 Qxa1+ 35. Kh2 Nxe5 36. Qxe7 Nxf3+ 37. gxf3 Qa8 38. d6 Bf8 39. Qc7 b4 40.
d7 Be7 41. Qc8+ 1-0

[Event "Offene Hessische Senioren Einzelmeisters"]
[Site "Bad Sooden- Allendorf"]
[Date "2011.05.01"]
[Round "2.17"]
[White "Kühn, Peter"]
[Black "Rädeker, Bernd"]
[Result "1/2-1/2"]
[WhiteElo "1993"]
[BlackElo "2220"]
[PlyCount "43"]
[EventDate "2011.??.??"]

1. e4 e5 2. Nf3 Nc6 3. d4 exd4 4. Nxd4 Bb4+ 5. c3 Be7 6. Be3 Nf6 7. Nxc6 bxc6
8. f3 Rb8 9. Qc2 a5 10. Bd3 d5 11. e5 $11 Nd7 12. f4 g6 13. O-O Nc5 14. Bxc5
Bxc5+ 15. Kh1 f5 16. exf6 Qxf6 17. Nd2 O-O 18. Rae1 Bd7 19. Nf3 Bf5 20. b3 Bd6
21. Ne5 Rbe8 22. Bxf5 1/2-1/2

[Event "Offene Hessische Senioren Einzelmeisters"]
[Site "Bad Sooden- Allendorf"]
[Date "2011.05.01"]
[Round "2.18"]
[White "Haselhorst, Helmut"]
[Black "Türtmann, Dieter"]
[Result "1/2-1/2"]
[WhiteElo "2119"]
[BlackElo "1973"]
[PlyCount "93"]
[EventDate "2011.??.??"]

1. d4 Nf6 2. Nf3 d5 3. c4 e6 4. g3 Be7 5. Bg2 O-O 6. O-O Ne4 7. b3 c6 8. Bb2 b5
9. Nbd2 Nxd2 10. Qxd2 Nd7 11. Rfc1 Bb7 12. Ne1 Nb6 13. a4 bxa4 14. c5 Nd7 15.
Rxa4 Qc8 16. Rca1 a6 17. b4 f5 18. Nd3 Rf6 19. Bc1 Bd8 20. R1a3 Bc7 21. f4 Qe8
22. Bf1 Qh5 23. e3 Rh6 24. Qe2 Qe8 25. Qf3 Nb8 26. Bd2 Rf6 27. Nc1 h6 28. Bd3
g5 29. Qe2 Qc8 30. Nb3 g4 31. Na5 Bxa5 32. Rxa5 Rf8 33. b5 cxb5 34. Bxb5 Nc6
35. Bxc6 Qxc6 36. Rb3 Rfb8 37. Rb6 Qe8 38. Ra3 Bc8 39. Rab3 Rxb6 40. Rxb6 Qa4
41. Be1 a5 42. Qd2 Qc4 43. Bf2 Ba6 44. Rb1 a4 45. Qa5 Qd3 46. Qb6 Bc8 47. Qd8+
1/2-1/2

[Event "Offene Hessische Senioren Einzelmeisters"]
[Site "Bad Sooden- Allendorf"]
[Date "2011.05.01"]
[Round "2.19"]
[White "Klein, Klaus"]
[Black "Franck, Rudolf"]
[Result "0-1"]
[WhiteElo "2057"]
[BlackElo "2202"]
[PlyCount "45"]
[EventDate "2011.??.??"]

1. e4 e5 2. Nf3 Nf6 3. Nxe5 Qe7 4. Nf3 Nxe4 5. Qe2 d5 6. d3 Nd6 7. Bg5 f6 8.
Bf4 Bg4 9. Qxe7+ Bxe7 10. Be2 Nd7 11. Nbd2 O-O-O 12. O-O-O Rde8 13. Nd4 Bxe2
14. Nxe2 g5 15. Bg3 Nf5 16. d4 h5 17. h3 h4 18. Bh2 Bd6 19. Bxd6 Rxe2 20. Rhf1
Nxd6 21. Rde1 Rhe8 22. Kd1 Rxe1+ 23. Rxe1 0-1

[Event "Offene Hessische Senioren Einzelmeisters"]
[Site "Bad Sooden- Allendorf"]
[Date "2011.05.01"]
[Round "2.20"]
[White "Just, Fred"]
[Black "Kempen, Willi"]
[Result "1/2-1/2"]
[WhiteElo "2198"]
[BlackElo "2046"]
[PlyCount "98"]
[EventDate "2011.??.??"]

1. d4 d5 2. Nf3 Nf6 3. c4 e6 4. Nc3 c6 5. Bg5 Be7 6. e3 h6 7. Bh4 O-O 8. Be2
Nbd7 9. O-O Ne4 10. Bxe7 Qxe7 11. Nxe4 dxe4 12. Nd2 f5 13. f3 exf3 14. Bxf3 e5
15. Qb3 e4 16. Be2 c5 17. Qc3 cxd4 18. exd4 Qg5 19. c5 Nf6 20. g3 h5 21. Rf4
Be6 22. Bc4 Nd5 23. Bxd5 Bxd5 24. Nc4 h4 25. Nd6 hxg3 26. Qxg3 Qxg3+ 27. hxg3
g6 28. g4 fxg4 29. Rxg4 Kg7 30. Rg5 Bc6 31. Re5 Rf4 32. Rf1 Rg4+ 33. Kf2 Rf8+
34. Ke1 Rxf1+ 35. Kxf1 Kf6 36. b4 a6 37. Kf2 Rf4+ 38. Ke2 Rg4 39. a4 Rg2+ 40.
Kf1 Rb2 41. b5 axb5 42. axb5 Bxb5+ 43. Nxb5 Rxb5 44. Rxe4 Kf5 45. Re8 g5 46.
Ke2 g4 47. Kd3 g3 48. Rg8 Kf4 49. Kc4 Rb1 1/2-1/2

[Event "Offene Hessische Senioren Einzelmeisters"]
[Site "Bad Sooden- Allendorf"]
[Date "2011.05.01"]
[Round "2.21"]
[White "Schnaitmann, Herbert"]
[Black "Rüberg, Jobst"]
[Result "0-1"]
[WhiteElo "2044"]
[BlackElo "2143"]
[PlyCount "47"]
[EventDate "2011.??.??"]

1. d4 Nf6 2. Nf3 e6 3. e3 c5 4. Bd3 b6 5. O-O Bb7 6. Nbd2 cxd4 7. exd4 Be7 8.
b3 O-O 9. Bb2 d6 10. c4 Nbd7 11. Re1 Re8 12. Rc1 Bf8 13. Bb1 Qc7 14. h3 Rad8
15. Ne4 Be7 16. Nfg5 Qb8 17. Nxf6+ Nxf6 18. d5 e5 19. f4 h6 20. fxe5 dxe5 21.
Bxe5 Bc5+ 22. Kh1 Rxe5 23. Rxe5 Qxe5 24. Nf3 0-1

[Event "Offene Hessische Senioren Einzelmeisters"]
[Site "Bad Sooden- Allendorf"]
[Date "2011.05.01"]
[Round "2.22"]
[White "Achenbach, Manfred"]
[Black "Johannsen, Ingbert"]
[Result "1-0"]
[WhiteElo "2160"]
[BlackElo "2048"]
[PlyCount "67"]
[EventDate "2011.??.??"]

1. Nf3 Nf6 2. c4 b6 3. d3 e6 4. e4 d6 5. g3 Bb7 6. Bg2 Be7 7. Nc3 Nbd7 8. O-O
O-O 9. Qe2 c5 10. h3 a6 11. a4 Qc7 12. Bf4 Rad8 13. Rfe1 Ne5 14. b3 Nc6 15. Be3
Nb4 16. Na2 Nxa2 17. Rxa2 Rfe8 18. Bd2 Nd7 19. a5 Rb8 20. axb6 Qxb6 21. Ba5 Qc6
22. d4 cxd4 23. Nxd4 Qc5 24. Rd1 Bf6 25. b4 Qc8 26. Nb3 Ne5 27. c5 dxc5 28.
Nxc5 Nc6 29. Nxb7 Qxb7 30. e5 Be7 31. Rad2 Rbc8 32. Rd7 Qb5 33. Qxb5 axb5 34.
Bxc6 1-0

[Event "Offene Hessische Senioren Einzelmeisters"]
[Site "Bad Sooden- Allendorf"]
[Date "2011.05.01"]
[Round "2.23"]
[White "Nietsch, Horst"]
[Black "Weyrauch, Erich"]
[Result "0-1"]
[WhiteElo "2010"]
[BlackElo "2184"]
[PlyCount "62"]
[EventDate "2011.??.??"]

1. e4 e5 2. Nf3 Nc6 3. Bc4 Be7 4. d3 Nf6 5. O-O d6 6. h3 Na5 7. Bb5+ c6 8. Ba4
b5 9. Bb3 Nxb3 10. axb3 a5 11. b4 Bd7 12. bxa5 Rxa5 13. Rxa5 Qxa5 14. Na3 O-O
15. Bd2 Qc7 16. Qe2 Ra8 17. c4 bxc4 18. dxc4 h6 19. Kh2 d5 20. cxd5 cxd5 21.
Rc1 Qb8 22. Bc3 Bd6 23. Rd1 Nxe4 24. Nb1 Nxc3 25. Nxc3 e4+ 26. g3 exf3 27. Qxf3
Bc6 28. Nxd5 Ra2 29. Kg1 Rxb2 30. Qd3 Bf8 31. Nf4 Qb6 0-1

[Event "Offene Hessische Senioren Einzelmeisters"]
[Site "Bad Sooden- Allendorf"]
[Date "2011.05.01"]
[Round "2.24"]
[White "Görtz, Hans"]
[Black "Lang, Ferdinand"]
[Result "1/2-1/2"]
[WhiteElo "1989"]
[BlackElo "2125"]
[PlyCount "59"]
[EventDate "2011.??.??"]

1. d4 Nf6 2. Nf3 g6 3. c4 c5 4. e3 cxd4 5. exd4 Bg7 6. Be2 O-O 7. O-O d5 8. Nc3
dxc4 9. Bxc4 Qc7 10. Qb3 a6 11. Ne5 e6 12. Be3 b5 13. Be2 Bb7 14. Rac1 Qe7 15.
Bf3 Bxf3 16. Nxf3 Nbd7 17. h3 Rfd8 18. Rfd1 Rac8 19. a3 Nb6 20. Ne5 Nc4 21.
Nxc4 Rxc4 22. Ne2 Rdc8 23. Qd3 Nd5 24. Rxc4 Rxc4 25. Rc1 Nxe3 26. fxe3 Rxc1+
27. Nxc1 Qc7 28. Ne2 Qc6 29. e4 Qd6 30. Qc3 1/2-1/2

[Event "Offene Hessische Senioren Einzelmeisters"]
[Site "Bad Sooden- Allendorf"]
[Date "2011.05.01"]
[Round "2.25"]
[White "Niebling, Ferdinand"]
[Black "Rollwitz, Jürgen"]
[Result "1/2-1/2"]
[WhiteElo "2189"]
[BlackElo "1978"]
[PlyCount "118"]
[EventDate "2011.??.??"]

1. e4 d6 2. d4 Nf6 3. Nc3 e5 4. Nf3 Nbd7 5. Be2 Be7 6. O-O O-O 7. h3 c6 8. Be3
Qc7 9. a4 b6 10. Qd2 Bb7 11. Rad1 a6 12. dxe5 dxe5 13. Nh4 Nc5 14. Bxc5 Bxc5
15. Nf5 b5 16. Nxg7 Be7 17. Nf5 Kh8 18. Nxe7 Qxe7 19. Qd6 Qxd6 20. Rxd6 Kg7 21.
f3 Rfd8 22. Rfd1 Rxd6 23. Rxd6 Ne8 24. Rd7 Bc8 25. Rd2 Be6 26. Kf2 Kf6 27. axb5
axb5 28. Ke3 Ke7 29. b3 Nd6 30. f4 f6 31. Bd3 h6 32. Rf2 Rg8 33. Ne2 b4 34. Kf3
c5 35. Rf1 c4 36. bxc4 Nxc4 37. Bxc4 Bxc4 38. Rf2 Bxe2+ 39. Rxe2 h5 40. Rd2 h4
41. fxe5 fxe5 42. Rd5 Ke6 43. Rb5 Rg3+ 44. Kf2 Rc3 45. Rb6+ Kf7 46. Rxb4 Rxc2+
47. Kf3 Rc3+ 48. Kg4 Rg3+ 49. Kf5 Rxg2 50. Rb7+ Kg8 51. Kxe5 Rg3 52. Kf6 Rxh3
53. Rb8+ Kh7 54. e5 Rf3+ 55. Kg5 h3 56. Rb7+ Kg8 57. Rb4 Re3 58. Kf6 Rf3+ 59.
Kg6 Kf8 1/2-1/2

[Event "Offene Hessische Senioren Einzelmeisters"]
[Site "Bad Sooden- Allendorf"]
[Date "2011.05.01"]
[Round "2.26"]
[White "Merettig, Georg"]
[Black "Stimpel, Franz"]
[Result "1/2-1/2"]
[WhiteElo "1943"]
[BlackElo "2189"]
[PlyCount "80"]
[EventDate "2011.??.??"]

1. Nc3 d5 2. e4 e6 3. b3 Nf6 4. e5 Nfd7 5. f4 b6 6. d4 Bb4 7. Bd2 O-O 8. a3
Bxc3 9. Bxc3 c5 10. Nf3 Qc7 11. Bd3 g6 12. O-O Ba6 13. Ng5 Re8 14. f5 exf5 15.
g4 cxd4 16. Bxd4 Bxd3 17. cxd3 Qd8 18. Qd2 Nc6 19. Bb2 Ndxe5 20. gxf5 h6 21.
Nxf7 Nxf7 22. fxg6 Qg5+ 23. Qxg5 Nxg5 24. Rf6 Re2 25. Bc3 Rae8 26. h4 Nh3+ 27.
Kh1 d4 28. Bb4 Nxb4 29. axb4 R2e6 30. Rf3 Re3 31. Rf7 R8e6 32. h5 R6e5 33.
Raxa7 Ng5 34. Rg7+ Kf8 35. Rh7 Kg8 36. Ra8+ Re8 37. Rxe8+ Rxe8 38. Rb7 Re6 39.
Rd7 Nf3 40. Rd8+ Kg7 1/2-1/2

[Event "Offene Hessische Senioren Einzelmeisters"]
[Site "Bad Sooden- Allendorf"]
[Date "2011.05.01"]
[Round "2.27"]
[White "Petzold, Dr. Hans"]
[Black "Neumann, Horst"]
[Result "1-0"]
[WhiteElo "2157"]
[BlackElo "1958"]
[PlyCount "77"]
[EventDate "2011.??.??"]

1. e4 c6 2. d4 d5 3. Nc3 dxe4 4. Nxe4 Nd7 5. Bc4 e6 6. Nf3 Ngf6 7. Ng3 Bd6 8.
Qe2 Nb6 9. Bb3 O-O 10. Bg5 h6 11. Bd2 a5 12. c3 c5 13. O-O cxd4 14. cxd4 Nbd5
15. Ne5 Qb6 16. Nc4 Qd8 17. Nxd6 Qxd6 18. Rad1 b5 19. Rfe1 a4 20. Bc2 Qb6 21.
Bb1 b4 22. Ne4 Ba6 23. Qf3 Bb7 24. Nc5 Bc6 25. Qg3 Kh8 26. Qh4 Nh7 27. f3 Qd8
28. Qe4 Nhf6 29. Qe2 Qb6 30. Qf2 a3 31. Qh4 Nh7 32. b3 Qd8 33. Qe4 Nhf6 34. Qd3
Qb6 35. Re5 Rfd8 36. Rde1 Rd6 37. Rh5 Rad8 38. Rh4 Kg8 39. Kh1 1-0

[Event "Offene Hessische Senioren Einzelmeisters"]
[Site "Bad Sooden- Allendorf"]
[Date "2011.05.01"]
[Round "2.28"]
[White "Perk, Egbert"]
[Black "Kopp, Dr. Peter"]
[Result "0-1"]
[WhiteElo "1984"]
[BlackElo "2126"]
[PlyCount "74"]
[EventDate "2011.??.??"]

1. d4 Nf6 2. c4 c5 3. Nf3 d6 4. e3 Bg4 5. Be2 Nc6 6. h3 Bd7 7. O-O g6 8. d5 Nb4
9. a3 Na6 10. Nc3 Bg7 11. e4 O-O 12. Bf4 Nh5 13. Bh2 Bxc3 14. bxc3 f6 15. Nh4
Ng7 16. f4 Qa5 17. Qc1 b5 18. cxb5 Bxb5 19. c4 Ba4 20. Qe3 Rab8 21. Rfb1 Bc2
22. Rb5 Rxb5 23. cxb5 Nc7 24. a4 Qb4 25. Bd3 Qc3 26. Rc1 Qxd3 27. Qxd3 Bxd3 28.
Re1 Kf7 29. Kf2 f5 30. Nf3 h6 31. Nd2 fxe4 32. Nxe4 Bxe4 33. Rxe4 Nxd5 34. g4
Ne6 35. h4 Nd4 36. h5 gxh5 37. gxh5 Nf6 0-1

[Event "Offene Hessische Senioren Einzelmeisters"]
[Site "Bad Sooden- Allendorf"]
[Date "2011.05.01"]
[Round "2.29"]
[White "Geisler, Reinhard"]
[Black "Oud, Niek"]
[Result "0-1"]
[WhiteElo "1894"]
[BlackElo "2023"]
[PlyCount "84"]
[EventDate "2011.??.??"]

1. d4 d5 2. c4 e6 3. g3 Nf6 4. Bg2 Be7 5. Nf3 O-O 6. O-O dxc4 7. Qc2 a6 8. a4
Bd7 9. Ne5 Nc6 10. Nxc6 Bxc6 11. Bxc6 bxc6 12. Qxc4 Qd5 13. Qxd5 cxd5 14. Bf4
c5 15. dxc5 Bxc5 16. Nd2 Rfc8 17. Rac1 h6 18. Nb3 Ba7 19. Rxc8+ Rxc8 20. Rc1
Rxc1+ 21. Bxc1 Ne4 22. e3 Kf8 23. Kf1 Ke7 24. Ke2 Kd6 25. Nd2 Kc5 26. Nxe4+
dxe4 27. Bd2 Kc4 28. Bc3 g6 29. g4 f5 30. h3 fxg4 31. hxg4 h5 32. gxh5 gxh5 33.
Bf6 Bb6 34. f3 exf3+ 35. Kxf3 Kd3 36. Bg5 Bc5 37. Bf4 h4 38. Bg5 e5 39. Kg4 e4
40. Kxh4 Bxe3 41. Bxe3 Kxe3 42. b4 Kd2 0-1